កំណប់ឪពុក : (Record no. 8546)
[ view plain ]
| 000 -LEADER | |
|---|---|
| fixed length control field | 01917nam a22002777a 4500 |
| 001 - CONTROL NUMBER | |
| control field | 8546 |
| 003 - CONTROL NUMBER IDENTIFIER | |
| control field | FISKH |
| 005 - DATE AND TIME OF LATEST TRANSACTION | |
| control field | 20250918163342.0 |
| 008 - FIXED-LENGTH DATA ELEMENTS--GENERAL INFORMATION | |
| fixed length control field | 250918b cb ||||| |||| 00| 0 eng d |
| 020 ## - INTERNATIONAL STANDARD BOOK NUMBER | |
| International Standard Book Number | 9789996301155 |
| 040 ## - CATALOGING SOURCE | |
| Original cataloging agency | FISKH |
| Language of cataloging | khr |
| Transcribing agency | FISKH |
| Modifying agency | FISKH |
| 050 ## - LIBRARY OF CONGRESS CALL NUMBER | |
| Classification number | PZ7 |
| 100 ## - MAIN ENTRY--PERSONAL NAME | |
| Personal name | Tongleang, Noeun |
| 245 ## - TITLE STATEMENT | |
| Title | កំណប់ឪពុក : |
| Remainder of title | Father's buried treasure / |
| Statement of responsibility, etc. | និពន្ធដោយ លោក នឿន តុងលាង |
| 260 ## - PUBLICATION, DISTRIBUTION, ETC. | |
| Place of publication, distribution, etc. | Phnom Penh : |
| Name of publisher, distributor, etc. | Reading Books , |
| Date of publication, distribution, etc. | 2010. |
| 300 ## - PHYSICAL DESCRIPTION | |
| Extent | 21 pages : |
| Other physical details | color illustrations ; |
| Dimensions | 25 cm . |
| 490 ## - SERIES STATEMENT | |
| Series statement | ពិភពរឿងនិទាន |
| 505 ## - FORMATTED CONTENTS NOTE | |
| Formatted contents note | J <br/> |
| 520 ## - SUMMARY, ETC. | |
| Summary, etc. | រឿង កំណប់ឪពុក មានគោលបំណងអប់រំកុមារឲ្យស្តាប់ពាក្យបង្រៀនរបស់ឪពុកម្ដាយ និងកុំសូវស្អិតជាមួយមិត្តអាក្រក់ ព្រោះវាអាចនាំឲ្យជួបគ្រោះថ្នាក់ និងបាត់បង់ពេលវេលាដ៏មានតម្លៃ។ ជាក់ស្តែងមក ក៏គេមិនគួរបោះបង់ការតស៊ូនោះឡើយ ព្រោះវាជាគន្លឹះដើម្បីនាំឲ្យបានជោគជ័យ និងលទ្ធផលល្អប្រសើរជាងមុន។ |
| 520 ## - SUMMARY, ETC. | |
| Summary, etc. | Father's buried treasure is aimeed at educating the children to follow their parents' advice and not to keep company with bad friends as it might put them in a dangerous situation and wasteds their time. Practically, one should never give up his struggle for it is a key to achieve a better outcome . |
| 521 8# - TARGET AUDIENCE NOTE | |
| Target audience note | 500 <br/> |
| Source | Lexile estimate <br/> |
| 521 8# - TARGET AUDIENCE NOTE | |
| Target audience note | J <br/> |
| Source | Raz-Plus <br/> |
| 700 ## - ADDED ENTRY--PERSONAL NAME | |
| Personal name | Bunthorn, Theak |
| Relator term | Illustrator |
| 942 ## - ADDED ENTRY ELEMENTS (KOHA) | |
| Source of classification or shelving scheme | Dewey Decimal Classification |
| Koha item type | Khmer Books |
| Suppress in OPAC | No |
| Withdrawn status | Lost status | Source of classification or shelving scheme | Damaged status | Not for loan | Collection | Home library | Current library | Shelving location | Date acquired | Total Checkouts | Full call number | Barcode | Date last seen | Copy number | Price effective from | Koha item type |
|---|---|---|---|---|---|---|---|---|---|---|---|---|---|---|---|---|
| Dewey Decimal Classification | Khmer-English Bilingual / ភាសាខ្មែរ-អង់គ្លេស | Footprints International School Library Network Toul Tom Poung Campus | Footprints International School Library Network Toul Tom Poung Campus | TTP Primary Khmer Bookshelves | 09/18/2025 | TON PZ7 | FIS04481 | 09/18/2025 | 1 | 09/18/2025 | Khmer Books | |||||
| Dewey Decimal Classification | Khmer-English Bilingual / ភាសាខ្មែរ-អង់គ្លេស | Footprints International School Library Network Toul Tom Poung Campus | Footprints International School Library Network Toul Tom Poung Campus | TTP Primary Khmer Bookshelves | 11/11/2025 | TON PZ7 | FIS04299 | 11/11/2025 | 2 | 11/11/2025 | Khmer Books | |||||
| Dewey Decimal Classification | Khmer-English Bilingual / ភាសាខ្មែរ-អង់គ្លេស | Footprints International School Library Network Toul Tom Poung Campus | Footprints International School Library Network Toul Tom Poung Campus | TTP Primary Khmer Bookshelves | 12/08/2025 | TON PZ7 | 2025-5074 | 12/08/2025 | 3 | 12/08/2025 | Khmer Books |
